000 00367nam a2200145Ia 4500
008 230917s9999||||xx |||||||||||||| ||und||
040 _e40329
_aMAIN
041 _aEnglish
082 _a809.3 S95F
100 _aSeymour-Smith, Martin
245 2 _aA reader's guide to fifty European novels
260 _aLondon
_bHeinemann
_c1980
300 _a528 p.
942 _cBK
999 _c225484
_d225484